Insurrection /

Saved in:
Bibliographic Details
Main Author: 1896-1984. O'Flaherty, Liam
Format: Book
Language:English
Published: London : Gollancz, 1950.
LEADER 00740nam a22002051a 4500
001 c000131434
003 CARM
005 19991220131016.0
008 930715s1950 enk 000 0 eng d
019 1 |a 10236245  |z 25039950  |5 LACONCORD2021 
035 |a (OCoLC)26236673  |5 LACONCORD2021 
040 |a NNCU:A  |b eng  |c NNCU:A  |d NNCU:A  |d VCAV 
082 0 4 |a 823.912 
100 1 |d 1896-1984.  |a O'Flaherty, Liam, 
245 1 0 |a Insurrection /  |c by Liam O'Flaherty. 
260 |a London :  |b Gollancz,  |c 1950. 
300 |a 254 p. 
852 8 |b CARM  |h A2:AJ36G0  |i A02518  |p 0160922  |f BK 
999 f f |i eb407444-9c46-5de8-8d76-107277448552  |s c1ba8efa-2f52-5563-8885-c26ba7d345a9 
952 f f |p Can circulate  |a CAVAL  |b CAVAL  |c CAVAL  |d CARM 1 Store  |e A02518  |f A2:AJ36G0  |h Other scheme  |i book  |m 0160922